[Event "Verbandsliga Sued Baden 0607"]
[Site "Germany"]
[Date "2007.04.29"]
[Round "9.1"]
[White "Merkel, Markus"]
[Black "Jost, Claude"]
[Result "1-0"]
[WhiteElo "2146"]
[BlackElo "2270"]
[PlyCount "75"]
[EventDate "2006.10.22"]
[EventType "team"]
[EventRounds "9"]
[EventCountry "GER"]
[SourceTitle "EXT 2008"]
[Source "ChessBase"]
[SourceDate "2007.11.25"]
[SourceVersion "1"]
[SourceVersionDate "2007.11.25"]
[SourceQuality "1"]
[WhiteTeam "Iffezheim"]
[BlackTeam "Kehl"]
[WhiteTeamCountry "GER"]
[BlackTeamCountry "GER"]

1. c4 Nf6 2. Nc3 c5 3. Nf3 Nc6 4. d4 cxd4 5. Nxd4 g6 6. e4 d6 7. Nc2 Bg7 8. Be2 0-0 9. 0-0 a6 10. Be3 Rb8 11. f3 Bd7 12. Qd2 Ne5 13. a4 Qc7 14. b3 Rfc8 15. a5 Bc6 16. Bb6 Qd7 17. f4 Neg4 18. Bf3 e5 19. h3 Nh6 20. Rad1 exf4 21. Qxf4 Qe7 22. Rfe1 Nd7 23. Bd4 Ne5 24. Ne3 Re8 25. Ned5 Bxd5 26. Nxd5 Qd8 27. Bb6 Nxf3+ 28. Qxf3 Qg5 29. Bc7 Rbc8 30. Bxd6 f5 31. Bf4 Qh4 32. e5 Re6 33. Nb4 Rce8 34. Nd3 g5 35. Bg3 Qd4+ 36. Bf2 Qc3 37. Qxb7 Nf7 38. Qb4 1-0

[Event "Verbandsliga Sued Baden 0607"]
[Site "Germany"]
[Date "2007.03.25"]
[Round "8.1"]
[White "Jost, Claude"]
[Black "Scherer, Max"]
[Result "1-0"]
[WhiteElo "2270"]
[BlackElo "2272"]
[PlyCount "37"]
[EventDate "2006.10.22"]
[EventType "team"]
[EventRounds "9"]
[EventCountry "GER"]
[SourceTitle "EXT 2008"]
[Source "ChessBase"]
[SourceDate "2007.11.25"]
[SourceVersion "1"]
[SourceVersionDate "2007.11.25"]
[SourceQuality "1"]
[WhiteTeam "Kehl"]
[BlackTeam "Dreisamtal"]
[WhiteTeamCountry "GER"]
[BlackTeamCountry "GER"]

1. Nf3 b6 2. c4 Bb7 3. Nc3 e6 4. e4 Bb4 5. Bd3 Ne7 6. Bc2 0-0 7. d4 f5 8. e5 Ng6 9. h4 c5 10. h5 cxd4 11. hxg6 dxc3 12. Rxh7 cxb2+ 13. Ke2 bxc1N+ 14. Qxc1 Bxf3+ 15. gxf3 Bd2 16. Qxd2 Qc7 17. Rah1 Qxe5+ 18. Qe3 Qxe3+ 19. fxe3 1-0

[Event "Verbandsliga Sued Baden 0607"]
[Site "Germany"]
[Date "2006.10.22"]
[Round "1.2"]
[White "Haker, Johann C"]
[Black "Jost, Claude"]
[Result "1-0"]
[WhiteElo "2133"]
[BlackElo "2270"]
[PlyCount "59"]
[EventDate "2006.10.22"]
[EventType "team"]
[EventRounds "9"]
[EventCountry "GER"]
[SourceTitle "EXT 2008"]
[Source "ChessBase"]
[SourceDate "2007.11.25"]
[SourceVersion "1"]
[SourceVersionDate "2007.11.25"]
[SourceQuality "1"]
[WhiteTeam "Horben"]
[BlackTeam "Kehl"]
[WhiteTeamCountry "GER"]
[BlackTeamCountry "GER"]

1. e4 e5 2. Bc4 Nf6 3. d3 c6 4. Nf3 d5 5. Bb3 Bd6 6. Nc3 dxe4 7. Ng5 Bg4 8. Bxf7+ Ke7 9. f3 exf3 10. gxf3 h6 11. fxg4 hxg5 12. Bg6 Qb6 13. Qe2 Nbd7 14. Ne4 Nxe4 15. Bxe4 Nf6 16. c3 Nxe4 17. Qxe4 Rxh2 18. Bxg5+ Kd7 19. Qf5+ Kc7 20. Qf7+ Kc8 21. Qg8+ Kc7 22. Qxg7+ Kc8 23. Qg8+ Kc7 24. Qf7+ Kc8 25. Rxh2 Qg1+ 26. Qf1 Qxh2 27. 0-0-0 Kc7 28. Qf7+ Kb6 29. Be3+ c5 30. Qd7 1-0

[Event "Verbandsliga Sued Baden 0506"]
[Site "Germany"]
[Date "2005.11.27"]
[Round "3.2"]
[White "Lehmann, Sven"]
[Black "Jost, Claude"]
[Result "0-1"]
[WhiteElo "2043"]
[BlackElo "2292"]
[PlyCount "86"]
[EventDate "2005.10.16"]
[EventType "team"]
[EventRounds "9"]
[EventCountry "GER"]
[SourceTitle "EXT 2007"]
[Source "ChessBase"]
[SourceDate "2006.11.23"]
[SourceVersion "1"]
[SourceVersionDate "2006.11.23"]
[SourceQuality "1"]
[WhiteTeam "Gernsbach"]
[BlackTeam "Kehl"]
[WhiteTeamCountry "GER"]
[BlackTeamCountry "GER"]

1. e4 e5 2. Nf3 Nc6 3. Bc4 Nf6 4. Ng5 d5 5. exd5 Na5 6. Bb5+ Bd7 7. Qe2 Bd6 8. Bxd7+ Qxd7 9. d4 0-0-0 10. Bd2 exd4 11. 0-0 Rhe8 12. Qd3 Nxd5 13. Bxa5 Nf4 14. Qf3 Qf5 15. Bd2 Qxg5 16. Bxf4 Qxf4 17. Qxf4 Bxf4 18. Na3 c6 19. Rfe1 b5 20. Rad1 Rxe1+ 21. Rxe1 d3 22. cxd3 Rxd3 23. g3 Bd6 24. Nb1 b4 25. Kg2 Kd7 26. Re2 b3 27. a3 f6 28. Nd2 Be5 29. Nc4 Bd4 30. h4 c5 31. Ne3 Bxe3 32. fxe3 Kd6 33. Kf3 Kd5 34. Kf4 c4 35. g4 c3 36. bxc3 Rxc3 37. Rd2+ Kc5 38. Rd8 Kb5 39. Rd7 Kc6 40. Rd8 Kc7 41. Rd4 a5 42. Rd5 Kb6 43. Rd8 Kb5 0-1

[Event "Verbandsliga Sued Baden 0405"]
[Site "Germany"]
[Date "2005.04.17"]
[Round "9.2"]
[White "Strohhaeker, Raoul"]
[Black "Jost, Claude"]
[Result "1-0"]
[WhiteElo "2164"]
[BlackElo "2290"]
[PlyCount "51"]
[EventDate "2004.10.10"]
[EventType "team"]
[EventRounds "9"]
[EventCountry "GER"]
[SourceTitle "EXT 2007"]
[Source "ChessBase"]
[SourceDate "2006.11.23"]
[SourceVersion "1"]
[SourceVersionDate "2006.11.23"]
[SourceQuality "1"]
[WhiteTeam "Baden Oos III"]
[BlackTeam "Kehl"]
[WhiteTeamCountry "GER"]
[BlackTeamCountry "GER"]

1. e4 e5 2. Nf3 Nc6 3. d4 exd4 4. Nxd4 Nf6 5. Nc3 Bb4 6. Nxc6 bxc6 7. Bd3 d5 8. exd5 cxd5 9. 0-0 0-0 10. Bg5 Be6 11. Nb5 c5 12. a3 Ba5 13. b4 a6 14. Nd4 cxd4 15. bxa5 Qxa5 16. Bxf6 gxf6 17. Qh5 f5 18. g4 f6 19. Rfe1 Bf7 20. Qh6 Rfe8 21. Rxe8+ Rxe8 22. Bxf5 Re1+ 23. Kg2 Bg6 24. Bxg6 hxg6 25. Qxg6+ Kh8 26. Qxf6+ 1-0

[Event "Verbandsliga Sued Baden 0405"]
[Site "Germany"]
[Date "2004.12.05"]
[Round "4.3"]
[White "Gattenloehner, Sebastian"]
[Black "Jost, Claude"]
[Result "1-0"]
[WhiteElo "2235"]
[BlackElo "2290"]
[PlyCount "79"]
[EventDate "2004.10.10"]
[EventType "team"]
[EventRounds "9"]
[EventCountry "GER"]
[SourceTitle "EXT 2007"]
[Source "ChessBase"]
[SourceDate "2006.11.23"]
[SourceVersion "1"]
[SourceVersionDate "2006.11.23"]
[SourceQuality "1"]
[WhiteTeam "Engen"]
[BlackTeam "Kehl"]
[WhiteTeamCountry "GER"]
[BlackTeamCountry "GER"]

1. e4 e5 2. Bc4 Nf6 3. d3 c6 4. Nf3 d5 5. Bb3 Bd6 6. Nc3 dxe4 7. Ng5 Bg4 8. Nxf7 Bxd1 9. Nxd8 Kxd8 10. Nxd1 exd3 11. cxd3 Nbd7 12. 0-0 Nc5 13. Ne3 Kc7 14. Nf5 Bf8 15. d4 Nxb3 16. axb3 exd4 17. Bf4+ Kb6 18. Nxd4 Re8 19. Bd2 a6 20. Nc2 Nd5 21. Ne3 Nxe3 22. Bxe3+ Bc5 23. Bxc5+ Kxc5 24. Rfc1+ Kb4 25. Kf1 Rd8 26. Ra4+ Kxb3 27. Ra3+ Kb4 28. Rcc3 Rhe8 29. g3 Rd7 30. Rab3+ Ka4 31. Ra3+ Kb4 32. Rab3+ Ka5 33. Rc5+ Ka4 34. Ra3+ Kb4 35. Rcc3 c5 36. Rab3+ Ka4 37. Rb6 Ka5 38. Rbb3 Re5 39. Rc1 Rd2 40. Ra1# 1-0

[Event "Oberliga Baden 0304 "]
[Site "Germany"]
[Date "2004.03.21"]
[Round "8.4"]
[White "Kountz, Jochen"]
[Black "Jost, Claude"]
[Result "1/2-1/2"]
[WhiteElo "2303"]
[BlackElo "2263"]
[PlyCount "59"]
[EventDate "2003.10.12"]
[EventType "team-tourn"]
[EventRounds "9"]
[EventCountry "GER"]
[SourceTitle "EXT 2006"]
[Source "ChessBase"]
[SourceDate "2005.11.24"]
[SourceVersion "1"]
[SourceVersionDate "2005.11.24"]
[SourceQuality "1"]
[WhiteTeam "Untergrombach"]
[BlackTeam "Kehl"]
[WhiteTeamCountry "GER"]
[BlackTeamCountry "GER"]

1. Nf3 Nf6 2. g3 c5 3. c4 Nc6 4. Bg2 g6 5. 0-0 Bg7 6. Nc3 0-0 7. d4 cxd4 8. Nxd4 Nxd4 9. Qxd4 d6 10. Qd3 Bf5 11. e4 Be6 12. Bd2 Qd7 13. Rac1 Bh3 14. f3 Bxg2 15. Kxg2 Rfc8 16. b3 a6 17. Na4 Rc6 18. Be3 Qc7 19. c5 dxc5 20. Rxc5 Rxc5 21. Nxc5 Rd8 22. Qe2 Nd7 23. Rc1 Nxc5 24. Rxc5 Qd6 25. Qc2 h5 26. Rd5 Qb8 27. Bf4 Qc8 28. Qc4 b5 29. Qc5 e6 30. Rxd8+ 1/2-1/2

[Event "Oberliga Baden 0304 "]
[Site "Germany"]
[Date "2003.12.14"]
[Round "4.5"]
[White "Jost, Claude"]
[Black "Wiechert, Hans"]
[Result "1-0"]
[WhiteElo "2263"]
[BlackElo "2307"]
[PlyCount "21"]
[EventDate "2003.10.12"]
[EventType "team-tourn"]
[EventRounds "9"]
[EventCountry "GER"]
[SourceTitle "EXT 2006"]
[Source "ChessBase"]
[SourceDate "2005.11.24"]
[SourceVersion "1"]
[SourceVersionDate "2005.11.24"]
[SourceQuality "1"]
[WhiteTeam "Kehl"]
[BlackTeam "Kuppenheim"]
[WhiteTeamCountry "GER"]
[BlackTeamCountry "GER"]

1. Nf3 Nf6 2. c4 b6 3. g3 c5 4. Bg2 Bb7 5. Nc3 e6 6. d4 cxd4 7. Qxd4 d6 8. Bg5 Be7 9. Bxf6 Bxf6 10. Qd3 0-0 11. Ng5 1-0

[Event "Baden OL 0102"]
[Site "Germany"]
[Date "2001.10.07"]
[Round "1.5"]
[White "Jost, Claude"]
[Black "Heinl, Achim"]
[Result "1-0"]
[WhiteElo "2241"]
[BlackElo "2241"]
[PlyCount "130"]
[EventDate "2001.10.07"]
[EventType "team"]
[EventRounds "9"]
[EventCountry "GER"]
[SourceTitle "EXT 2003"]
[Source "ChessBase"]
[SourceDate "2002.11.25"]
[SourceVersion "1"]
[SourceVersionDate "2002.11.25"]
[SourceQuality "1"]
[WhiteTeam "Kehl"]
[BlackTeam "Eppingen II"]
[WhiteTeamCountry "GER"]
[BlackTeamCountry "GER"]

1. Nf3 c5 2. c4 Nc6 3. Nc3 g6 4. e3 Bg7 5. d4 cxd4 6. exd4 d6 7. d5 Ne5 8. Nxe5 Bxe5 9. Bd3 Bg7 10. 0-0 Nf6 11. Bg5 0-0 12. Qd2 Re8 13. Rfe1 e5 14. dxe6 Bxe6 15. Rad1 Qb6 16. b3 Red8 17. Ne4 Nxe4 18. Bxe4 Rd7 19. Bd5 Bxd5 20. Qxd5 Qc6 21. h3 h6 22. Re7 Qxd5 23. Rxd5 Rxe7 24. Bxe7 Re8 25. Bxd6 Re1+ 26. Kh2 Re2 27. Bg3 f5 28. Rd8+ Kf7 29. Rd7+ Kf6 30. Rxb7 g5 31. f4 Rxa2 32. h4 Bf8 33. b4 Rb2 34. b5 Bc5 35. Rc7 Be3 36. Rc6+ Kf7 37. hxg5 hxg5 38. fxg5 Bxg5 39. Bb8 a5 40. Ra6 Rb4 41. Rxa5 Rxc4 42. b6 Rb4 43. Bc7 Kg6 44. Ra3 Kh5 45. Kg3 Bf6 46. Rd3 Kg5 47. Kf3 Be7 48. Rd7 Rb3+ 49. Ke2 Bc5 50. b7 Ba7 51. g3 Kg4 52. Bf4 Rb4 53. Rg7+ Kh3 54. Kd3 Kg2 55. Kc3 Rb1 56. Kc4 Kf3 57. Kd5 Rb6 58. Re7 Kg4 59. Kc4 Rb1 60. Be5 Kf3 61. Kd5 Kg4 62. Kc6 Kf3 63. Kc7 Bf2 64. Rg7 Bb6+ 65. Kc8 Ba7 1-0

[Event "Oberliga Baden 0001"]
[Site "Baden"]
[Date "2001.01.07"]
[Round "4.6"]
[White "Jost, Claude"]
[Black "Syska, Albert"]
[Result "1-0"]
[WhiteElo "2241"]
[BlackElo "2258"]
[PlyCount "84"]
[EventDate "2000.10.15"]
[EventType "team"]
[EventRounds "9"]
[EventCountry "GER"]
[SourceTitle "EXT 2002"]
[Source "ChessBase"]
[SourceDate "2001.11.25"]
[SourceVersion "1"]
[SourceVersionDate "2001.11.25"]
[SourceQuality "1"]

1. Nf3 Nf6 2. c4 b6 3. g3 Bb7 4. Bg2 e6 5. 0-0 c5 6. Nc3 a6 7. d4 cxd4 8. Qxd4 Be7 9. Bg5 h6 10. Be3 Bc5 11. Qd2 Bb4 12. a3 Ne4 13. Qc2 Bxc3 14. bxc3 Qc7 15. Rab1 Nc5 16. Qb2 Na4 17. Qb4 b5 18. Bf4 Qc8 19. cxb5 Nxc3 20. bxa6 Be4 21. Bxb8 Bxb1 22. Be5 Nxe2+ 23. Kh1 Bd3 24. Bxg7 Rg8 25. Bf6 d6 26. Qxd6 Qd7 27. Qxd7+ Kxd7 28. Rd1 Rxa6 29. Rxd3+ Rd6 30. Ne5+ Kc7 31. Rxd6 Kxd6 32. Nxf7+ Kc5 33. h4 Kc4 34. Nxh6 Rf8 35. Ng4 Nd4 36. Bf1+ Kd5 37. Bg2+ Kc4 38. h5 Nf5 39. Be5 Kb3 40. h6 Rf7 41. Kg1 Rh7 42. Be4 Kxa3 1-0

[Event "Oberliga Baden 0001"]
[Site "Baden"]
[Date "2000.12.10"]
[Round "3.5"]
[White "Jost, Claude"]
[Black "Busch, Kurt"]
[Result "1-0"]
[WhiteElo "2241"]
[BlackElo "2212"]
[PlyCount "66"]
[EventDate "2000.10.15"]
[EventType "team"]
[EventRounds "9"]
[EventCountry "GER"]
[SourceTitle "EXT 2002"]
[Source "ChessBase"]
[SourceDate "2001.11.25"]
[SourceVersion "1"]
[SourceVersionDate "2001.11.25"]
[SourceQuality "1"]

1. Nf3 c5 2. c4 Nc6 3. Nc3 Nd4 4. e3 Nxf3+ 5. Qxf3 g6 6. d4 Bg7 7. dxc5 Bxc3+ 8. bxc3 Qa5 9. Rb1 Nf6 10. e4 Qxc5 11. Rb5 Qc6 12. e5 Ne4 13. Bd3 Nxc3 14. Rb3 Qxf3 15. gxf3 Nxa2 16. Bd2 b6 17. Ke2 Bb7 18. Ra1 0-0 19. Rxa2 f6 20. f4 Bc6 21. Rba3 a5 22. Be3 a4 23. Bxb6 g5 24. exf6 gxf4 25. fxe7 Rfe8 26. Bc5 Kf7 27. Bd6 Rxe7+ 28. Bxe7 f3+ 29. Kd2 Kxe7 30. Bc2 Rg8 31. Bxa4 Bb7 32. Rb2 Ba8 33. Bb5 Bb7 1-0

[Event "Oberliga Baden 9798"]
[Site "Germany"]
[Date "1998.01.18"]
[Round "5.3"]
[White "Tammert, Guenther"]
[Black "Jost, Claude"]
[Result "1/2-1/2"]
[WhiteElo "2230"]
[BlackElo "2275"]
[PlyCount "89"]
[EventDate "1997.10.??"]
[EventType "team"]
[EventRounds "9"]
[EventCountry "GER"]
[SourceTitle "EXT 2002"]
[Source "ChessBase"]
[SourceDate "2001.11.25"]
[SourceVersion "1"]
[SourceVersionDate "2001.11.25"]
[SourceQuality "1"]
[WhiteTeam "Kuppenheim"]
[BlackTeam "Kehl"]
[WhiteTeamCountry "GER"]
[BlackTeamCountry "GER"]

1. Nf3 d5 2. g3 Nf6 3. Bg2 g6 4. 0-0 Bg7 5. d3 0-0 6. Nbd2 Nc6 7. e4 dxe4 8. dxe4 h6 9. h3 Be6 10. Qe2 Nd4 11. Nxd4 Qxd4 12. c3 Qa4 13. Kh2 Rad8 14. f4 Qc2 15. e5 Nd5 16. Be4 Qa4 17. Rf3 Qd7 18. Rd3 Qc8 19. Qg2 c6 20. Nf3 Nb6 21. Rxd8 Rxd8 22. Be3 Bd5 23. Bxb6 axb6 24. Bxd5 Rxd5 25. Re1 Qd7 26. Re2 Qf5 27. Nd4 Qd3 28. h4 h5 29. a3 e6 30. Rd2 Qe3 31. Qe2 Qxe2+ 32. Rxe2 Bf8 33. Kg2 Bc5 34. Nb3 Rd3 35. Rd2 Rxd2+ 36. Nxd2 b5 37. Kf3 Kf8 38. Ne4 Be7 39. Ke3 Ke8 40. b4 Kd7 41. Kd4 Kc7 42. c4 bxc4 43. Kxc4 b5+ 44. Kd4 Kb6 45. Kc3 1/2-1/2

[Event "Bischwiller"]
[Site "Bischwiller"]
[Date "1998.??.??"]
[Round "5"]
[White "Galdunts, Sergey"]
[Black "Jost, Claude"]
[Result "1/2-1/2"]
[WhiteElo "2445"]
[BlackElo "2260"]
[PlyCount "25"]
[EventDate "1998.??.??"]
[EventType "tourn"]
[EventRounds "9"]
[EventCountry "FRA"]
[SourceTitle "EXT 2000"]
[Source "ChessBase"]
[SourceDate "1999.11.16"]
[SourceVersion "1"]
[SourceVersionDate "1999.11.16"]
[SourceQuality "1"]

1. e4 e5 2. Nf3 Nc6 3. Bb5 Nf6 4. Qe2 Bc5 5. c3 Qe7 6. d3 0-0 7. 0-0 d6 8. Nbd2 a6 9. Bxc6 bxc6 10. d4 exd4 11. cxd4 Bb6 12. Re1 Bg4 13. e5 1/2-1/2

[Event "Bischwiller"]
[Site "Bischwiller"]
[Date "1998.??.??"]
[Round "3"]
[White "Videki, Sandor"]
[Black "Jost, Claude"]
[Result "1/2-1/2"]
[WhiteElo "2430"]
[BlackElo "2260"]
[PlyCount "141"]
[EventDate "1998.??.??"]
[EventType "tourn"]
[EventRounds "9"]
[EventCountry "FRA"]
[SourceTitle "EXT 2000"]
[Source "ChessBase"]
[SourceDate "1999.11.16"]
[SourceVersion "1"]
[SourceVersionDate "1999.11.16"]
[SourceQuality "1"]

1. e4 e5 2. Nf3 Nc6 3. Bb5 Nf6 4. 0-0 Nxe4 5. d4 Be7 6. Qe2 d5 7. Nxe5 Bd7 8. Bxc6 Bxc6 9. Re1 Bd7 10. Nd2 Nd6 11. Nxd7 Qxd7 12. Nf3 f6 13. Bf4 Kf7 14. Bxd6 Bxd6 15. Ne5+ fxe5 16. dxe5 Bxe5 17. Qh5+ g6 18. Qxe5 Rhe8 19. Qd4 c6 20. Re3 Rxe3 21. fxe3 Qe7 22. c4 dxc4 23. Rf1+ Kg8 24. Qxc4+ Kg7 25. Qc3+ Kg8 26. Qb3+ Kg7 27. Qc3+ Kg8 28. Qc4+ Kg7 29. Qd4+ Kg8 30. h3 Re8 31. Qxa7 Qxe3+ 32. Qxe3 Rxe3 33. Kf2 Re7 34. Rd1 Kf7 35. Rd3 Kg7 36. Re3 Rf7+ 37. Ke2 Rd7 38. Rf3 Kg8 39. Rf2 Kg7 40. Ke3 Kg8 41. Rd2 Re7+ 42. Kd4 Kg7 43. Rf2 Kh6 44. a4 Kg5 45. Kc5 h5 46. Kb6 Kh4 47. Rf3 g5 48. Rc3 Re4 49. b3 Rb4+ 50. Kc7 g4 51. hxg4 hxg4 52. Kb8 Kg5 53. g3 Kf5 54. Kc7 Kg5 55. Kd6 Kf6 56. Re3 Rd4+ 57. Kc5 Rd2 58. Kb6 Rf2 59. Re4 Kf5 60. Rc4 Rf3 61. b4 Rxg3 62. Kxb7 Rb3 63. Kxc6 g3 64. Kb5 g2 65. Rc1 Rg3 66. Rg1 Ke6 67. a5 Kd7 68. Kb6 Kc8 69. a6 Kb8 70. b5 Rg6+ 71. Kc5 1/2-1/2

[Event "Verbandsliga Sued Baden 9596"]
[Site "Germany"]
[Date "1996.03.03"]
[Round "7.3"]
[White "Jost, Claude"]
[Black "Tammert, Guenther"]
[Result "1/2-1/2"]
[WhiteElo "2305"]
[BlackElo "2220"]
[PlyCount "69"]
[EventDate "1995.10.??"]
[EventType "team"]
[EventRounds "9"]
[EventCountry "GER"]
[SourceTitle "EXT 2004"]
[Source "ChessBase"]
[SourceDate "2003.11.25"]
[SourceVersion "1"]
[SourceVersionDate "2003.11.25"]
[SourceQuality "1"]
[WhiteTeam "Kehl"]
[BlackTeam "Kuppenheim"]
[WhiteTeamCountry "GER"]
[BlackTeamCountry "GER"]

1. d4 Nf6 2. Nf3 d5 3. Bg5 Ne4 4. Bh4 g6 5. e3 Bg7 6. c4 c6 7. Bd3 Bg4 8. 0-0 g5 9. Bg3 Nxg3 10. fxg3 dxc4 11. Bxc4 e6 12. Qb3 Qe7 13. Nbd2 0-0 14. Ne4 h6 15. Ne5 Bf5 16. Rxf5 exf5 17. Ng6 Qxe4 18. Qxb7 Nd7 19. Nxf8 Rxf8 20. Qxd7 Qxe3+ 21. Kh1 Qxd4 22. Qxc6 Qxb2 23. Rf1 Qe5 24. Qd7 Qd4 25. Qc6 Qe5 26. Qa6 Qc5 27. Bd3 Rd8 28. Bxf5 Rd2 29. Be4 Rf2 30. Bf3 Rc2 31. a4 Ra2 32. Qb5 Qxb5 33. axb5 Ra1 34. Rxa1 Bxa1 35. Kg1 1/2-1/2

[Event "FRA-chT"]
[Site "France"]
[Date "1996.??.??"]
[Round "?"]
[White "Jost, Claude"]
[Black "Degraeve, Jean Marc"]
[Result "0-1"]
[WhiteElo "2300"]
[BlackElo "2515"]
[PlyCount "90"]
[EventDate "1996.??.??"]
[EventType "team"]
[EventRounds "11"]
[EventCountry "FRA"]
[SourceTitle "CBM 055 Extra"]
[Source "ChessBase"]
[SourceDate "1997.01.01"]
[SourceVersion "1"]
[SourceVersionDate "1997.01.01"]
[SourceQuality "1"]

1. d4 Nf6 2. Nf3 g6 3. c4 Bg7 4. Nc3 0-0 5. e4 d6 6. Be2 e5 7. dxe5 dxe5 8. Bg5 c6 9. Qxd8 Rxd8 10. Nxe5 Re8 11. 0-0-0 Na6 12. Bf4 Nc5 13. Bf3 g5 14. Be3 Rxe5 15. Rd8+ Bf8 16. Bd4 Ncd7 17. Bxe5 Nxe5 18. Be2 Kg7 19. h4 Be7 20. Rdd1 h6 21. hxg5 hxg5 22. f3 Be6 23. b3 Bc5 24. Kc2 Ng6 25. Rhf1 Nf4 26. g3 Nxe2 27. Nxe2 b5 28. cxb5 cxb5 29. Kb2 a5 30. Rc1 Bf8 31. Nd4 Bd7 32. Rc7 Rd8 33. Rd1 Re8 34. Rxd7 Nxd7 35. Nf5+ Kf6 36. Rxd7 g4 37. Nd6 Re7 38. e5+ Kxe5 39. Nxf7+ Ke6 40. Rxe7+ Bxe7 41. Nh6 gxf3 42. Ng4 Kf5 43. Nh2 Ke4 44. Kc2 Ke3 45. g4 Ke2 0-1

[Event "Verbandsliga Sued Baden 9495"]
[Site "Germany"]
[Date "1995.03.26"]
[Round "8.2"]
[White "Tammert, Guenther"]
[Black "Jost, Claude"]
[Result "0-1"]
[WhiteElo "2220"]
[BlackElo "2320"]
[PlyCount "28"]
[EventDate "1994.10.??"]
[EventType "team"]
[EventRounds "9"]
[EventCountry "GER"]
[SourceTitle "EXT 1999"]
[Source "ChessBase"]
[SourceDate "1998.11.16"]
[SourceVersion "1"]
[SourceVersionDate "1998.11.16"]
[SourceQuality "1"]
[WhiteTeam "Hoerden"]
[BlackTeam "Kehl"]
[WhiteTeamCountry "GER"]
[BlackTeamCountry "GER"]

1. Nf3 Nf6 2. c4 e6 3. g3 d5 4. b3 Nc6 5. Bg2 Be7 6. 0-0 0-0 7. Bb2 d4 8. d3 e5 9. e4 dxe3 10. fxe3 Ng4 11. Qe2 Bc5 12. Bc1 Nd4 13. Qd2 Nxe3 14. Qa5 Bb6 0-1

[Event "EU-Cup 11th Group5"]
[Site "Vilnius"]
[Date "1995.??.??"]
[Round "3"]
[White "Jost, Claude"]
[Black "Krivoshey, Sergei"]
[Result "1/2-1/2"]
[WhiteElo "2305"]
[BlackElo "2420"]
[PlyCount "46"]
[EventDate "1995.09.??"]
[EventType "team-k.o."]
[EventRounds "3"]
[EventCountry "LTU"]
[SourceTitle "EXT 2020"]
[Source "ChessBase"]
[SourceDate "2019.10.17"]
[SourceVersion "1"]
[SourceVersionDate "2019.10.17"]
[SourceQuality "1"]
[WhiteTeam "Strasbourg"]
[BlackTeam "Zaporizhzhia Avtozaz"]
[WhiteTeamCountry "FRA"]
[BlackTeamCountry "UKR"]

1. d4 d5 2. Nf3 Nf6 3. c4 e6 4. Nc3 Nbd7 5. Bg5 Bb4 6. cxd5 exd5 7. e3 c5 8. Bd3 Qa5 9. Qc2 c4 10. Bf5 0-0 11. 0-0 Re8 12. Nd2 g6 13. Bxd7 Nxd7 14. e4 Bxc3 15. Qxc3 Qxc3 16. bxc3 Nb6 17. f3 Bd7 18. Rfe1 Bc6 19. Rab1 Na4 20. Re3 Rab8 21. g4 b5 22. a3 Rb6 23. Bf4 f6 1/2-1/2